[Event "Gatineau Outaouais op U1500"]
[Site "Gatineau"]
[Date "2014.06.08"]
[Round "4"]
[White "Yu, Benjamin"]
[Black "Bolduc, Alain"]
[Result "0-1"]
[WhiteElo "1398"]
[BlackElo "1363"]
[PlyCount "42"]
[EventDate "2014.06.06"]
[EventType "swiss"]
[EventRounds "5"]
[EventCountry "CAN"]
[SourceTitle "EXT 2022"]
[Source "ChessBase"]
[SourceDate "2021.10.06"]
[SourceVersion "1"]
[SourceVersionDate "2021.10.06"]
[SourceQuality "1"]

1. e4 Nf6 2. d4 g6 3. Nc3 Bg7 4. Nf3 0-0 5. g3 d6 6. Bg2 Nc6 7. 0-0 e5 8. dxe5 dxe5 9. Qxd8 Rxd8 10. Bg5 Be6 11. Nd5 Nxd5 12. Bxd8 Rxd8 13. c3 Nxc3 14. Rfe1 Nb4 15. Rac1 Nbxa2 16. Ra1 a5 17. Ng5 b6 18. Nxe6 fxe6 19. Bh3 Kf7 20. Kg2 Rd2 21. Kf1 Rxb2 0-1